LEADER 01577nam a2200337 i 4500 001 000000119894 003 CaOOAMICUS 005 20091130000000.0 008 091130s2004 it u000 u ita u 013 $a92588 020 $a88-514-0225-6 040 $aSeMil$bita 100 1 $aBrovelli, Franco,$d<1941- >.$0(OLS)http://semarc/name/15532 245 10$aConvocati dall'Eucarista :$balle sorgenti della Chiesa e della sua missione /$cFranco Brovelli, Antonio Torresin (edd.) 260 $aMilano :$bÀncora,$cCopyr. 2004. 300 $a238 p. ;$c19 cm. 490 0 $aStrumenti per il lavoro pastorale ;$v27. 500 $aDono del Card. Dionigi Tettamanzi. 650 4$aEucaristia - Liturgia - Pastorale cattolica.$0(OLS)http://semarc/subject/18970 650 4$aEucaristia - Celebrazione.$0(OLS)http://semarc/subject/7028 650 4$aEucaristia - Chiesa - Missione.$0(OLS)http://semarc/subject/17689 650 4$aEucaristia - Pastorale.$0(OLS)http://semarc/subject/22494 700 1 $aTorresin, Antonio.$0(OLS)http://semarc/name/49934 830 0$aStrumenti per il lavoro pastorale ;$v27.$0(OLS)http://semarc/title/7227 850 $aSeMil 852 $aSeMil$W1$xVenegono$y1$m2F I 359$j75101$B75101$CSeMilBibl$Z2$F88649 $81 941 1 $a5 961 $aOmaggio: Tettamanzi Card. Dionigi 996 $6020$a88-514-0225-6$9(OLS)http://semarc/number/104956 996 $6245$aConvocati dall'Eucarista :$balle sorgenti della Chiesa e della sua missione$9(OLS)http://semarc/title/176332 996 $6260$aMilano :$bÀncora$9(OLS)http://semarc/publisher/29763 LEADER 01267nam a2200253 i 4500 001 000000037488 003 CaOOAMICUS 005 20120321000000.0 008 120321s1962 it u000 u ita u 013 $a7773 040 $aSeMil$bita 100 1 $aRenckens, Henricus .$0(OLS)http://semarc/name/17875 245 10$aPreistoria e storia della salvezza :$bla concezione ebraica delle origini dell'uomo secondo Genesi, 1-3 /$cHenricus Renckens ; [traduzione dall'edizione tedesca di D. Salvatore Marsili. 260 $aAlba :$bPaoline,$c1962. 300 $a315 p. ;$c22 cm. 490 0 $aCatholica. 2. serie : per una presenza cristiana nel mondo moderno ;$v31 650 4$aBibbia. Antico Testamento. Genesi, 1-11.$0(OLS)http://semarc/subject/1393 700 1 $aMarsili, Salvatore .$0(OLS)http://semarc/name/90336 830 0$aCatholica. 2. serie ;$v31.$0(OLS)http://semarc/title/213 850 $aSeMil 852 $aSeMil$W1$xVenegono$y1$m2C I 371$j3643$B3643$CSeMilBibl$Z2$F3643 $81 961 $aOmaggio: Deposito 996 $6245$aPreistoria e storia della salvezza :$bla concezione ebraica delle origini dell'uomo secondo Genesi, 1-3$9(OLS)http://semarc/title/52506 996 $6260$aAlba :$bPaoline$9(OLS)http://semarc/publisher/29692